Normal view
MARC view
Entry Topical Term
001 - CONTROL NUMBER
- control field: 3155
003 - CONTROL NUMBER IDENTIFIER
- control field: BD-RjUL
005 - DATE AND TIME OF LATEST TRANSACTION
- control field: 20220524124747.0
008 - FIXED-LENGTH DATA ELEMENTS
- fixed length control field: 220524|| aca||aabn | a|a d
040 ## - CATALOGING SOURCE
- Original cataloging agency: BD-RjUL
- Transcribing agency: BD-RjUL
150 ## - HEADING--TOPICAL TERM
- Topical term or geographic name entry element: বেসরকারী সংস্থা
- Geographic subdivision: দিনাজপুর
- Geographic subdivision: বাংলাদেশ
670 ## - SOURCE DATA FOUND
- Source citation: Work cat.: (BD-RjUL)79842: ছালাম, মো. আব্দুস 3154, বাংলাদেশে এন.জি.ও.র উদ্ভব ও বিকাশ :, ২০০৬